'Mamma Mia' Songs by Character And Location - Statistics

General Stats
  • This quiz has been taken 197 times
  • The average score is 13 of 17
Answer Stats
Characters Location Song % Correct
Donna, Sophie Sophie's room Slipping Through My Fingers
92%
Tanya, Pepper beach sand, bar Does Your Mother Know
91%
Sky, Sophie beach sand, dock, sea Lay All Your Love On Me
90%
Sam, Donna outside of the hotel SOS
87%
Donna under the boys' room, roof, boys' room Mamma Mia
86%
Rosie, Bill after wedding party (on top of tables...) Take A Chance On Me
86%
Sophie, Ali, Lisa rocks by the sea, outside of the hotel Honey, Honey
85%
Donna, Tanya, Rosie room, village, luxurious boat Money, Money, Money
83%
Harry, Bill, Sam, Sophie, Donna Bill's boat Our Last Summer
83%
Donna, Tanya, Rosie bachelorette party (stage) Super Trouper
83%
Donna near the church The Winner Takes It All
83%
Everybody bachelorette party (terrace) Voulez-Vous
73%
Sophie little boat, mailbox I Have A Dream
68%
Donna, Tanya, Rosie Donna's room, village, dock Dancing Queen
67%
Sophie, Ali, Lisa bachelorette party (crowd) Gimme! Gimme! Gimme!
57%
Sophie end of the movie Thank You For The Music
51%
Sam, Donna after wedding party When All Is Said And Done
45%
No matching quizzes found
Score Distribution
Percent of People with Each Score
Percentile by Number Answered
Your Score History
You have not taken this quiz